| 000 | 00605cam a2200205 4500 | ||
|---|---|---|---|
| 001 | J60444 | ||
| 008 | 000000n1999 000 0 eng u | ||
| 035 | _a(Sirsi) u104651 | ||
| 041 | _aeng | ||
| 050 | _a306.2 | ||
| 110 |
_aChartered Institute of Housing _92394 |
||
| 245 | _aGood practice briefing - Issue 15 (June 1999) resident involvement in housing services/ | ||
| 260 |
_aCoventry _bChartered Institute of Housing _c1999 |
||
| 300 | _a19p. : ill. ; 30cm. | ||
| 350 | _a0 | ||
| 490 |
_aCIH Good Practice Briefing _v15 |
||
| 650 | _aGOOD PRACTICE BRIEFING | ||
| 690 | _aHOUSING | ||
| 942 | _n0 | ||
| 999 |
_c100273 _d100273 |
||